000 00587nam a2200229Ia 4500
003 OSt
005 20221005131213.0
006 a|||||r|||| 00| 0
007 ta
008 221004b |||||||| |||| 00| 0 kan d
024 _a46836
037 _cTextual
040 _aCRL
_cCRL
_bkan
041 _2kan
_akan
082 _aO33, N2
100 _aGubbannavar Shivananda Au.
_9639251
245 0 _aShishunala shariff sahebaru
260 _c1992
650 _aKANNAD LITERATURE
942 _hO33, N2
_cTEXL
_2cc
999 _c1059641
_d1059641